<?xml version="1.0" encoding="UTF-8"?><?xml-stylesheet type="text/xsl" href="static/style.xsl"?><OAI-PMH xmlns="http://www.openarchives.org/OAI/2.0/" xmlns:xsi="http://www.w3.org/2001/XMLSchema-instance" xsi:schemaLocation="http://www.openarchives.org/OAI/2.0/ http://www.openarchives.org/OAI/2.0/OAI-PMH.xsd"><responseDate>2026-06-01T02:47:11Z</responseDate><request verb="GetRecord" identifier="oai:riuma.uma.es:10630/9166" metadataPrefix="marc">https://riuma.uma.es/rest/oai/request</request><GetRecord><record><header><identifier>oai:riuma.uma.es:10630/9166</identifier><datestamp>2026-02-03T12:51:49Z</datestamp><setSpec>com_10630_5701</setSpec><setSpec>com_10630_3139</setSpec><setSpec>com_10630_10</setSpec><setSpec>col_10630_8862</setSpec></header><metadata><record xmlns="http://www.loc.gov/MARC21/slim" xmlns:dcterms="http://purl.org/dc/terms/" xmlns:doc="http://www.lyncode.com/xoai" xmlns:xsi="http://www.w3.org/2001/XMLSchema-instance" xsi:schemaLocation="http://www.loc.gov/MARC21/slim http://www.loc.gov/standards/marcxml/schema/MARC21slim.xsd">
   <leader>00925njm 22002777a 4500</leader>
   <datafield ind2=" " ind1=" " tag="042">
      <subfield code="a">dc</subfield>
   </datafield>
   <datafield ind2=" " ind1=" " tag="720">
      <subfield code="a">Velasco Gómez, José María</subfield>
      <subfield code="e">author</subfield>
   </datafield>
   <datafield ind2=" " ind1=" " tag="260">
      <subfield code="c">1989</subfield>
   </datafield>
   <datafield ind2=" " ind1=" " tag="520">
      <subfield code="a">La visión de una Andalucía preferentemente agraria a la altura de 1930, contrastaba con el pasado de uan provincia como Málaga, que había sido la 2ª provincia más industrial de España, detrás de Barcelona. El balance de los primeros 30 años del siglo XX, después de que el proceso desindustrializador de fines de siglo sumirá a Málaga en una crisis económica profunda, no pudo dar la imágen del siglo XIX, a pesar de los impulsos de las medidas proteccionistas a la industria o los efectos de la neutralidad española ante la Gran Guerra. El desarrollo de ciertas formas de industrialización en sectores como el agroalimentario, químico eléctrico y la construcción, vino a paliar en parte aquella crisis que de nuevo apareción, ante la "Crisis de 1929", al se ralgunos sectores industriales dependientes.</subfield>
   </datafield>
   <datafield ind1="8" ind2=" " tag="024">
      <subfield code="a">Baetica 12, 1989, p. 315-342</subfield>
   </datafield>
   <datafield ind1="8" ind2=" " tag="024">
      <subfield code="a">0212-5099</subfield>
   </datafield>
   <datafield ind1="8" ind2=" " tag="024">
      <subfield code="a">http://hdl.handle.net/10630/9166</subfield>
   </datafield>
   <datafield tag="653" ind2=" " ind1=" ">
      <subfield code="a">Industria - Málaga - 1930</subfield>
   </datafield>
   <datafield ind2="0" ind1="0" tag="245">
      <subfield code="a">La industrialización malagueña a la altura de 1930: una aproximación</subfield>
   </datafield>
</record>
</metadata></record></GetRecord></OAI-PMH>